000
00198nam a22000977a 4500
082
_a
894.812.3
_b
MEE/N
100
_a
MEENATHERY, SIRAJ
245
_a
NEERKUMALA
650
_a
MALAYALAM STORY
942
_c
BK
999
_c
7708
_d
7708